| 000 | 00378nam a2200133Ia 4500 | ||
|---|---|---|---|
| 008 | 231129s9999||||xx |||||||||||||| ||spa|| | ||
| 020 | _a84-494-2741-X | ||
| 040 | _bspa | ||
| 082 | _a658.812 R655g | ||
| 100 | _aRobinat Rivadulla José Ramón | ||
| 245 | 0 | _aLa gestión y relación con los clientes | |
| 264 | _aOceano | ||
| 942 |
_2ddc _cBKS |
||
| 999 |
_c17220 _d17220 |
||